| 000 | 00771nam a2200217 i 4500 | ||
|---|---|---|---|
| 001 | 130608 | ||
| 003 | ES-MaACL | ||
| 005 | 20250903014224.0 | ||
| 007 | t| | ||
| 008 | 070801s1944 sp ||||1| spa d | ||
| 100 | 1 |
_aZarraluqui Martínez, Julio. _9118086 |
|
| 245 | 1 | 0 |
_aMatemáticas financieras _b: (soluciones de aritmética y álgebra) / _cJulio Zarraluqui Martínez ; corregida por Tomás R. Bachiller. |
| 260 |
_aMadrid : _bLibr. de Romo, _c1944 ( _fTalls. Gráfs. Marsiega) |
||
| 300 |
_a847 p. ; _c23 cm. |
||
| 490 | 1 | _aBiblioteca tecnológica | |
| 650 | 1 | 7 |
_aMatemáticas financieras _2embne _9151789 |
| 700 | 1 |
_aRodríguez Bachiller, Tomás. _998366 |
|
| 830 | 0 |
_aBiblioteca tecnológica _9186711 |
|
| 852 |
_aES-MaACL _jF-15855 |
||
| 999 |
_c130608 _d130608 |
||